Un mercante di libertà : (Record n. 2945)
[ formato base ]
| 000 -LEADER | |
|---|---|
| fixed length control field | 00774cam a2200229 i 4500 |
| 003 - CONTROL NUMBER IDENTIFIER | |
| control field | IT-RoINE |
| 005 - DATE AND TIME OF LATEST TRANSACTION | |
| control field | 20201118123209.0 |
| 008 - FIXED-LENGTH DATA ELEMENTS--GENERAL INFORMATION | |
| fixed length control field | 870826s1986 it rb 000 0dita d |
| 040 ## - CATALOGING SOURCE | |
| Original cataloging agency | NjP |
| Transcribing agency | IT-RoINE |
| Modifying agency | DLC |
| 100 1# - MAIN ENTRY--PERSONAL NAME | |
| Personal name | Pronzato, Alessandro, |
| 9 (RLIN) | 3679 |
| Dates associated with a name | 1932- |
| 245 13 - TITLE STATEMENT | |
| Title | Un mercante di libertà : |
| Remainder of title | profilo biografico di san Pietro Nolasco / |
| Statement of responsibility, etc | Alessandro Pronzato. |
| 260 ## - PUBLICATION, DISTRIBUTION, ETC. (IMPRINT) | |
| Place of publication, distribution, etc | Torino : |
| Name of publisher, distributor, etc | P. Gribaudi, |
| Date of publication, distribution, etc | c1986. |
| 300 ## - PHYSICAL DESCRIPTION | |
| Extent | 271 p. ; |
| Dimensions | 22 cm. |
| 336 ## - CONTENT TYPE | |
| Source | rdacontent |
| Content type term | text |
| 337 ## - MEDIA TYPE | |
| Source | rdamedia |
| Media type term | unmediated |
| 338 ## - CARRIER TYPE | |
| Source | rdacarrier |
| Carrier type term | volume |
| 490 12 - SERIES STATEMENT | |
| Series statement | I Santi che cambiarono il mondo ; |
| Volume number/sequential designation | 4 |
| 504 ## - BIBLIOGRAPHY, ETC. NOTE | |
| Bibliography, etc | Bibliografia: p. 7. |
| 600 04 - SUBJECT ADDED ENTRY--PERSONAL NAME | |
| Personal name | Pedro Nolasco, |
| Titles and other words associated with a name | Santo, |
| Dates associated with a name | ca. 1180-1249 |
| General subdivision | Biografía |
| 9 (RLIN) | 5842 |
| 830 0# - SERIES ADDED ENTRY--UNIFORM TITLE | |
| Uniform title | Santi che cambiarono il mondo ; |
| 9 (RLIN) | 5844 |
| Volume number/sequential designation | 4 |
| 942 ## - ADDED ENTRY ELEMENTS (KOHA) | |
| Item type | Monografías |
| Withdrawn status | Lost status | Damaged status | Not for loan | Home library | Current library | Date acquired | Total Checkouts | Full call number | Barcode | Date last seen | Price effective from | Koha item type |
|---|---|---|---|---|---|---|---|---|---|---|---|---|
| Iglesia Nacional Española en Roma | Iglesia Nacional Española en Roma | 08/04/2014 | BIO 1052 | 3387 | 08/04/2014 | 08/04/2014 | Monografías |